000 00324nam a22001337a 4500
003 SGT
020 _a9788194484523
082 _a200
_bR20R
100 _aराणा, आशुतोष
245 _aरामराज्य
260 _bकौटिल्य बुक्स
_c2020
300 _a320
942 _2ddc
_cBK
999 _c31694
_d31694